00640 2200169 4500001002100000005001500021035002000036007000300056008003900059082002000098084002600118100001400144245023000158260004800388650000900436856002500445INLIS00000000000410120220329021508 a0010-0322000016ta220329 | | |  a616.2 072 598 1 a616.2 072 598 1 MIA k0 aMia Audia1 aKTI DIII Keperawatan,,,,. :bHubungan jenis lantai, jenis dinding, dan jenis atap rumah dengan kejadian ISPA di desa mekar jaya kecamatan bayung lincir kabupaten musi bayuasin Provinsi Sumatra Selatah Tahun 2021 /cMia Audia aUniversitas Adiwangsa Jambi :bJambi,c2021 aISPA aKTI DIII KEPERAWATAN